000 00287nam a2200121Ia 4500
008 190216s9999||||xx |||||||||||||| ||und||
100 _aHimashu Sreevasthava
245 0 _aHindi-Yek Raj Yeh Bi
260 _b"Kala Prakashan , Varanasi"
300 _a200
650 _aHindi
942 _cBK
999 _c16287
_d16287